Nástroje finanční podpory vzdělávání dospělých
Súčasný stav vo finančnej podpore vzdelávania dospelých v ČR. Podpory na úhradu cien kurzov. Podpora nákladov spojených so vzdelávaním. Kompenzácia ušlého príjmu. Príspevok na úhradu životných nákladov po dobu štúdia. Študijné poukážky. Študijné pôžičky. Daňové úľavy. Vzdelávacie účty. Platená študi...
Gespeichert in:
| 1. Verfasser: | |
|---|---|
| Format: | Buchkapitel |
| Sprache: | Tschechisch |
| Schlagworte: | |
| Tags: |
Keine Tags, Fügen Sie das erste Tag hinzu!
|
MARC
| LEADER | 00000naa a2200000 4500 | ||
|---|---|---|---|
| 001 | 0184951 | ||
| 005 | 20220715113812.1 | ||
| 041 | 0 | |a cze | |
| 044 | |a CZ | ||
| 245 | 1 | 0 | |a Nástroje finanční podpory vzdělávání dospělých |c Helena Vychová |
| 520 | |a Súčasný stav vo finančnej podpore vzdelávania dospelých v ČR. Podpory na úhradu cien kurzov. Podpora nákladov spojených so vzdelávaním. Kompenzácia ušlého príjmu. Príspevok na úhradu životných nákladov po dobu štúdia. Študijné poukážky. Študijné pôžičky. Daňové úľavy. Vzdelávacie účty. Platená študijná dovolenka. Ponuka bezplatných kurzov. Ponuka doprovodných služieb. | ||
| 610 | 2 | 0 | |a financovanie |
| 610 | 2 | 0 | |a financie |
| 610 | 2 | 0 | |a podpora štátna |
| 610 | 2 | 0 | |a vzdelávanie dospelých |
| 610 | 2 | 0 | |a vzdelávanie ďalšie |
| 100 | 1 | |a Vychová, Helena | |